000 00232nam a22001097a 4500
999 _c65148
_d65145
082 _a954
100 _aمشتاق٫ مسرور
245 _aاسلامیات لازمی
260 _aحیدرآباد
300 _a295P
942 _cBK